Najlepsze Zespoły F1 w każdym pięcioleciu - Statystyki

Ogólne statystyki
  • Ten quiz został rozwiązany 70 razy
  • Średni wynik to 14 z 15
Statystyki odpowiedzi
Zakres Zespół % Poprawnych
1950-1954 Ferrari
100%
1955-1959 Ferrari
100%
1975-1979 Ferrari
100%
1995-1999 Ferrari
100%
2000-2004 Ferrari
100%
2005-2009 Ferrari
100%
2015-2019 Mercedes
100%
2010-2014 Red Bull
100%
2020-2024 Red Bull
100%
1985-1989 McLaren
95%
1980-1984 Williams
90%
1990-1994 Williams
90%
1960-1964 Lotus
63%
1965-1969 Lotus
63%
1970-1974 Lotus
63%
Nie znaleziono quizów pasujących do podanych kryteriów
Rozkład punktacji
Procent ludzi z każdym wynikiem
Percentyl według liczby udzielonych odpowiedzi
Twoja historia wyników
Nie rozwiązałeś tego quizu